MARC

LEADER 00000naa2a2200000 4500
001 631988
005 20241017092033.0
035 |a (RuTPU)RU\TPU\conf\33689 
035 |a RU\TPU\conf\33685 
090 |a 631988 
100 |a 20201002d2020 k y0rusy50 ba 
101 0 |a eng 
102 |a RU 
105 |a y z 101zy 
135 |a drgn ---uucaa 
181 0 |a i  
182 0 |a b 
200 1 |a Efficiency of linear alkylbenzenes sulfonation depending on the reactor construction  |f I. O. Dolganova, I. M. Dolganov, M. A. Pasyukova [et al.]  |g sci. adv. E. D. Ivanchina 
203 |a Текст  |c электронный 
225 1 |a Химия и химическая технология на иностранном языке 
300 |a Заглавие с экрана 
320 |a [Библиогр.: с. 525 (2 назв.)] 
463 0 |0 (RuTPU)RU\TPU\conf\32967  |t Химия и химическая технология в XXI веке  |o материалы XXI Международной научно-практической конференции студентов и молодых ученых имени выдающихся химиков Л. П. Кулёва и Н. М. Кижнера, посвященной 110-летию со дня рождения профессора А. Г. Стромберга, 21–24 сентября 2020 г., г. Томск  |f Национальный исследовательский Томский политехнический университет  |v [С. 524-525]  |d 2020 
610 1 |a электронный ресурс 
610 1 |a труды учёных ТПУ 
610 1 |a эффективность 
610 1 |a сульфирование 
610 1 |a алкилбензолы 
610 1 |a конструкции 
610 1 |a синтетические моющие средства 
610 1 |a пленочные реакторы 
701 1 |a Dolganova  |b I. O.  |c chemist  |c Associate Scientist of Tomsk Polytechnic University, postgraduate student, candidate of technical Sciences  |f 1988-  |g Irena Olegovna  |3 (RuTPU)RU\TPU\pers\31271  |9 15449 
701 1 |a Dolganov  |b I. M.  |c Chemical Engineer  |c Associate Professor of Tomsk Polytechnic University, Candidate of Technical Sciences  |f 1987-  |g Igor Mikhailovich  |3 (RuTPU)RU\TPU\pers\32216  |9 16216 
701 1 |a Pasyukova  |b M. A. 
701 1 |a Solopova  |b A. A.  |c Chemical engineer  |c Engineer of Tomsk Polytechnic University, Candidate of technical sciences  |f 1994-  |g Anastasia Alexandrovna  |y Tomsk  |3 (RuTPU)RU\TPU\pers\46604  |9 22262 
701 1 |a Bunaev  |b A. A. 
702 1 |a Ivanchina  |b E. D.  |c chemist  |c Professor of Tomsk Polytechnic University, Doctor of technical sciences  |f 1951-  |g Emilia Dmitrievna  |4 727 
712 0 2 |a Национальный исследовательский Томский политехнический университет  |b Инженерная школа природных ресурсов  |b Отделение химической инженерии  |3 (RuTPU)RU\TPU\col\23513 
801 2 |a RU  |b 63413507  |c 20201125  |g RCR 
856 4 |u http://earchive.tpu.ru/handle/11683/63498 
942 |c BK